000 00993nam a2200157Ia 4500
008 210329s9999||||xx |||||||||||||| ||und||
040 _cSTCPL
041 _hHND
082 _a891.432
_bAMI-E
100 _aAmithabh V. P
245 0 _aEakamki manch
_hएकांकी मंच
260 _aEdinburgh
_bJawahar Publications
_c1999
300 _aP- 96 17 CM
650 _aGeneralനൈവേദ്യം, ഒരു സ്വപ്നം,സ്നേഹത്തിനെന്തേ നിറം, കണിക്കൊന്ന, ദര്‍ശനം, പഞ്ചാബ്, പവിഴമല്ലി, മായം പൂവിളികേട്ടപ്പോള്‍, നിന്‍റെകാരുണ്യം, പുസ്തകങ്ങള്‍, യാത്രാമംഗളം, വളരെ വൈകി നീ, കാടും കടലും, എഴുന്നള്ളത്ത്, ചംബല്‍, ഭ്രാന്തമാം സ്വപ്നം.
942 _cBK
999 _c45984
_d45984